| 000 | 01387nam0a2200325 4500 | ||
|---|---|---|---|
| 001 | RU\NLR\BIBL_A\022155709 | ||
| 005 | 20250627120204.0 | ||
| 035 | _a(NLR Aleph) 022155709 | ||
| 090 |
_a13320461 _c13320461 |
||
| 100 | _a20240304d1947 |||y0rusy50 ca | ||
| 101 | 0 | _adar | |
| 102 | _aRU | ||
| 105 | _aa j 000zy | ||
| 181 | 0 |
_ai _baxxe |
|
| 182 | 0 | _an | |
| 200 | 9 |
_aНешла мез _eбехIбихьудла школала авъибил класслизиб бучIес табтар _fС. Абдуллаев |
|
| 203 |
_aТекст _bвизуальный _cнепосредственный |
||
| 210 |
_aМахачкала _cДагучпедгиз _d1947 |
||
| 215 |
_a383,[1] с. _cил. _d21 |
||
| 300 | _aНа обл. авт. не указан | ||
| 541 | 1 |
_6z01790 _aРодная речь _eкнига для чтения в 4 кл. нач. шк. _zrus |
|
| 606 | 1 |
_aДаргинский язык _jКниги для чтения _92622787 _3RU\NLR\AUTH\661559347 |
|
| 686 | 1 | _aШ160.33-94 | |
| 700 | 1 |
_aГIябдуллаев _bС. Н. _f1903-1952 _gСайгид Нухкадиевич _4070 |
|
| 790 | 1 |
_4070 _7ca _8rus _aАбдуллаев _bС. Н. _f1903-1952 _gСагид Нухкадиевич _9258664 _3RU\NLR\AUTH\770258720 |
|
| 852 |
_aNLR _bОНЛ _jДарг./3-177 |
||
| 852 |
_aNLR _bОНЛ _jДарг./3-177 |
||
| 942 | _cBOOK | ||
| 980 | _aNB | ||